Marketing management, trade, financial and social aspects of business conference proceedings of the 4th international scientific conference : october 20 - 21, 2016, Košice, Slovak Republic
Enregistré dans:
| Collectivité auteur: | |
|---|---|
| Autres auteurs: | , , , , |
| Format: | Livre |
| Langue: | anglais |
| Publié: |
Košice
Faculty of Business Economics with seat in Košice
2016
|
| Édition: | 1st ed. |
| Sujets: | |
| Tags: |
Pas de tags, Soyez le premier à ajouter un tag!
|
MARC
| LEADER | 00000nlm a2200000 4500 | ||
|---|---|---|---|
| 001 | 0226303 | ||
| 005 | 20240502073723.0 | ||
| 020 | |a 978-80-225-4293-7 | ||
| 041 | 0 | |a eng | |
| 044 | |a SK | ||
| 245 | 1 | 0 | |a Marketing management, trade, financial and social aspects of business |b conference proceedings of the 4th international scientific conference : october 20 - 21, 2016, Košice, Slovak Republic |c edited by: Cecília Olexová, Mária Janošková ; reviewers: Anton Lisnik, Luboš Socha, Vladimír Socha |
| 250 | |a 1st ed. | ||
| 264 | 1 | |a Košice |b Faculty of Business Economics with seat in Košice |c 2016 | |
| 300 | |a online [293 s., 14,65 AH] | ||
| 610 | 2 | 0 | |a marketing |
| 610 | 2 | 0 | |a marketing manažment |
| 610 | 2 | 0 | |a obchod |
| 610 | 2 | 0 | |a podnikanie |
| 610 | 2 | 0 | |a politika sociálna |
| 610 | 2 | 0 | |a riadenie finančné |
| 700 | 1 | |a Olexová, Cecília, 1976- | |
| 700 | 1 | |a Janošková, Mária, 1965- | |
| 700 | 1 | |a Lisnik, Anton | |
| 700 | 1 | |a Socha, Luboš | |
| 700 | 1 | |a Socha, Vladimír | |
| 110 | 2 | |a Marketing management, trade, financial and social aspects of business. International scientific conference | |